The historical Bible, Vol 4: (Record no. 15397)

000 -LEADER
fixed length control field 00610nam a2200181 a 4500
001 - CONTROL NUMBER
control field :::00014231$&:&@@
003 - CONTROL NUMBER IDENTIFIER
control field OkBaRHE
005 - DATE AND TIME OF LATEST TRANSACTION
control field 20000829083117.0
008 - FIXED-LENGTH DATA ELEMENTS--GENERAL INFORMATION
fixed length control field s1913 j 000 0 eng u
040 ## - CATALOGING SOURCE
Transcribing agency
100 1# - MAIN ENTRY--PERSONAL NAME
Personal name Kent, Charles Foster, 1867-1925,
245 14 - TITLE STATEMENT
Title The historical Bible, Vol 4:
Remainder of title The makers and teachers of judaism.
260 ## - PUBLICATION, DISTRIBUTION, ETC. (IMPRINT)
Place of publication, distribution, etc New York, NY., :
Name of publisher, distributor, etc Charles Scribner's Sons
Date of publication, distribution, etc c1913
300 ## - PHYSICAL DESCRIPTION
Extent 323 p. : illus. ;
Dimensions 19 cm.
650 ## - SUBJECT ADDED ENTRY--TOPICAL TERM
Topical term or geographic name as entry element Jesus Christ
General subdivision Biography
942 ## - ADDED ENTRY ELEMENTS (KOHA)
Source of classification or shelving scheme
Koha item type Books
Copies
Barcode Not for loan Permanent Location Source of classification or shelving scheme Date acquired Full call number Withdrawn status Damaged status Shelving location Lost status Koha item type Date last seen Price effective from Copy number
14231 RHEMA Bible Training College 2010-04-14BS 511 .K4  General Stacks Books2010-04-142010-04-141